000 00319nam a22001217a 4500
008 160520b xxu||||| |||| 00| 0 eng d
020 _a9780801660580
020 _a0801660580
041 _aeng
080 _a618.2
245 _aPediatric nursingcare:
_cGladys M. Scipen; Marilyn A. Chard; Jeanne Howe;
942 _2udc
_cBK
999 _c2290
_d2290